000 00621nam a2200217Ia 4500
001 14960
003 GE_BSU
008 181216s||||||||xx |||||||||||||| ||und||
040 _cGE_BSU
080 _a514
100 _aБуземан,Г.
245 _aГеометрия геодезических
245 _cПер. с англ. М.З.Каинера Под. ред. И.М.Яглома
260 _aМосква
260 _bГосиздат
260 _c1962
300 _a503стр.22см.
300 _eБиблиогр. стр.492
653 _aГеометрия геодезических
942 _cBK
999 _c48080
_d48080